000
00203nam a2200085Ia 4500
008
120527s9999 xx 000 0 und d
100
_a
EL-SWAIFY, S.A
245
_a
Soil erosion and consrvation
942
_c
BK
999
_c
25168
_d
25168